Countries ending in Y - Statistics

General Stats
  • This quiz has been taken 230 times
  • The average score is 7 of 8
Answer Stats
Hint Answer % Correct
South America Paraguay
98%
South America Uruguay
97%
Europe Germany
96%
Europe Hungary
92%
Europe Italy
92%
Europe Norway
90%
Asia Turkey
81%
Europe Vatican City
74%
No matching quizzes found
Score Distribution
Percent of People with Each Score
Percentile by Number Answered
Your Score History
You have not taken this quiz